Statystyki dla Landy niemieckie

Kliknij tutaj aby rozwiązać quiz!

Ogólne statystyki

  • Ten quiz został rozwiązany 1 383 razy
  • Średni wynik to 9 z 16

Odpowiedzi na mapie

Odpowiedzi skodowane kolorowo w zielono-czerwonej skali na mapie do tego quizu, zgodnie z poniższymi procentami.
 

Statystyki odpowiedzi

State% Poprawnych
Berlin
94%
Bawaria
90%
Hamburg
83%
Saksonia
80%
Brandenburgia
64%
Brema
59%
Dolna Saksonia
50%
Saara
46%
Szlezwik-Holsztyn
44%
Turyngia
43%
Saksonia-Anhalt
41%
Nadrenia Północna-Westfalia
38%
Meklemburgia - Pomorze Przednie
33%
Badenia-Wirtembergia
32%
Nadrenia-Palatynat
32%
Hesse
26%

Rozkład punktacji

Percentyl według liczby udzielonych odpowiedzi

Procent ludzi z każdym wynikiem

Twoja historia wyników

Nie rozwiązałeś tego quizu